Missing Word: Top Grossing Movies (1999) Quiz Stats

 Plays Quiz Updated Jan 16, 2015

Challenge
Share
Tweet
Embed
Score 0/20 Timer 02:00
2 Plays Today
Movie Missing Word % Correct
Toy _____ 2Story
99.3%
The Sixth _____Sense
98%
Austin ______: The Spy Who Shagged MePowers
96.8%
________ PieAmerican
96.3%
The Blair Witch _______Project
93.9%
The Green ____Mile
86.7%
Star Wars: Episode I - The _______ MenacePhantom
86.5%
____ ____ WestWild
84.5%
Sleepy ______Hollow
84.1%
Deep ____ SeaBlue
81.3%
Movie Missing Word % Correct
______ JeopardyDouble
80.3%
_______ HillNotting
73.1%
______ LittleStuart
72.3%
The World is Not ______Enough
70%
American ______Beauty
56.7%
_______ BrideRunaway
49.6%
_______ ThisAnalyze
49.3%
End of ____Days
44.4%
Pokémon: The _____ MovieFirst
24%
Big _____Daddy
14.2%

Today's Daily Dose

You're not logged in!

Compare scores with friends on all Sporcle quizzes.
Join for Free
OR
Log In

You Might Also Like...

Show Comments

Extras

Top Quizzes Today


Score Distribution

Your Account Isn't Verified!

In order to create a playlist on Sporcle, you need to verify the email address you used during registration. Go to your Sporcle Settings to finish the process.

Report this User

Report this user for behavior that violates our Community Guidelines.

Details: